[Event "LIGA CENTRALNE SRBIJE 2013 - Jug"]
[Site "Niš"]
[Date "2013.10.17"]
[Round "1.6"]
[White "Filipovic, Slobodan M"]
[Black "Kalajdzic, Zoran"]
[Result "1/2-1/2"]
[WhiteElo "2166"]
[BlackElo "1838"]
[PlyCount "80"]
[EventDate "2013.10.17"]

1. e4 d5 2. exd5 Qxd5 3. Nc3 Qa5 4. d4 Nf6 5. Nf3 Nc6 6. d5 Nb4 7. Bb5+ c6 8.
dxc6 bxc6 9. Ba4 Bd7 10. O-O e6 11. a3 Nbd5 12. Nxd5 cxd5 13. Bxd7+ Nxd7 14.
Qe2 Be7 15. Bg5 h6 16. Bxe7 Kxe7 17. c4 dxc4 18. Rac1 Rac8 19. Rxc4 Rxc4 20.
Qxc4 Qc5 21. Rc1 Qxc4 22. Rxc4 Rb8 23. b4 Kd6 24. Kf1 Rb7 25. Ke2 Nf6 26. Rc5
Nd5 27. Kd2 f6 28. g3 Rc7 29. Rxc7 Nxc7 30. Kd3 e5 31. Kc4 g5 32. h4 g4 33. Nd2
f5 34. a4 Nd5 35. a5 e4 36. b5 e3 37. fxe3 Nxe3+ 38. Kd4 Nc2+ 39. Kc3 Ne3 40.
Kd4 Nc2+ 1/2-1/2